[Event "Weekend Inverno"]
[Site "Roma ITA"]
[Date "2009.02.08"]
[Round "5"]
[White "Ruotolo, Claudio"]
[Black "Petragnani, Alessandro"]
[Result "0-1"]
[WhiteElo "1757"]
[BlackElo "1699"]
[PlyCount "90"]
[EventDate "2009.02.06"]

1. f4 g6 2. b3 Bg7 3. Nc3 d5 4. Bb2 c6 5. e3 Nf6 6. Nf3 O-O 7. Be2 Bg4 8. Ne5
Bxe2 9. Nxe2 Nbd7 10. Nd4 e6 11. O-O Nxe5 12. fxe5 Nd7 13. Nf3 c5 14. Qe1 Rc8
15. Qg3 Qe7 16. a4 c4 17. Ba3 Nc5 18. Qg4 Qd7 19. Qd4 Qc7 20. bxc4 Rfd8 21.
Rac1 dxc4 22. Qxc4 Qc6 23. Qxc5 Qxc5 24. Bxc5 Rxc5 25. d4 Rc4 26. Ng5 Rd7 27.
Ne4 Bxe5 28. Nc5 Rc7 29. Rb1 Rxc2 30. Nxb7 Bg7 31. Nc5 Rc3 32. Rb8+ Bf8 33. Kf2
Kg7 34. Nb3 Rc2+ 35. Kf3 Rb2 36. d5 exd5 37. Rb5 a6 38. Rxd5 Rxb3 39. Rfd1 Rcc3
40. Rd7 Rxe3+ 41. Kf4 Re7 42. R7d6 Rbe3 43. R6d4 h6 44. h4 R7e6 45. g4 Bd6+ 0-1

[Event "Weekend Inverno"]
[Site "Roma ITA"]
[Date "2009.02.08"]
[Round "5"]
[White "Schmid, Ermanno"]
[Black "Padovano, Vito"]
[Result "1-0"]
[WhiteElo "1413"]
[BlackElo "1443"]
[PlyCount "51"]
[EventDate "2009.02.06"]

1. d4 d5 2. Nf3 Nc6 3. e3 Nf6 4. Bd3 Bg4 5. h3 Bh5 6. O-O e5 7. Be2 Bd6 8. dxe5
Bxe5 9. Nbd2 O-O 10. Rb1 Ne4 11. c3 Bxf3 12. Nxf3 Ne7 13. Nxe5 f6 14. Nf3 c6
15. Qc2 Qa5 16. a3 b5 17. b4 Qa4 18. Qb2 a5 19. Bd1 Qxd1 20. Rxd1 Rfc8 21. Nd4
c5 22. Ne6 Rc6 23. Nxg7 Kxg7 24. f3 Ng3 25. Qf2 Nef5 26. Rxd5 1-0

[Event "Weekend Inverno"]
[Site "Roma ITA"]
[Date "2009.02.08"]
[Round "5"]
[White "Tamburrini, Andrea"]
[Black "Tinebra, Vincenzo"]
[Result "1-0"]
[WhiteElo "1499"]
[BlackElo "1464"]
[PlyCount "27"]
[EventDate "2009.02.06"]

1. e4 Nc6 2. Nf3 d6 3. d4 e5 4. dxe5 Nxe5 5. Nxe5 dxe5 6. Qxd8+ Kxd8 7. f4 exf4
8. Bxf4 Nf6 9. Nc3 Bb4 10. O-O-O+ Bd7 11. Nb5 Nxe4 12. Rd4 c5 13. Rxe4 Bxb5 14.
Bxb5 1-0

[Event "Weekend Inverno"]
[Site "Roma ITA"]
[Date "2009.02.08"]
[Round "5"]
[White "Wollenweber, Carsten"]
[Black "Vespe, Francesco"]
[Result "1-0"]
[WhiteElo "2155"]
[BlackElo "1994"]
[PlyCount "29"]
[EventDate "2009.02.06"]

1. e4 b6 2. d4 Bb7 3. Nc3 e6 4. Nf3 Bb4 5. Bd3 c5 6. O-O Bxc3 7. bxc3 c4 8.
Bxc4 Bxe4 9. Ng5 Bg6 10. Qf3 Nc6 11. Re1 Qf6 12. Bxe6 Qxf3 13. Bd5+ Nge7 14.
Bxf3 O-O-O 15. d5 1-0

[Event "C.to Provinciale SO"]
[Site "Castello dell'Acqua ITA"]
[Date "2009.02.07"]
[Round "3"]
[White "Annoni, Riccardo"]
[Black "Betori, Alessandro"]
[Result "1/2-1/2"]
[WhiteElo "2084"]
[BlackElo "1662"]
[PlyCount "144"]
[EventDate "2009.02.06"]

1. e4 d5 2. exd5 Qxd5 3. Nf3 Nf6 4. d4 Bg4 5. Be2 e6 6. c4 Bb4+ 7. Nc3 Bxc3+ 8.
bxc3 Qa5 9. Qb3 O-O 10. O-O Nbd7 11. Qb4 Qa6 12. h3 Bf5 13. a4 b6 14. Qb5 Qb7
15. Ba3 a6 16. Qb3 Rfe8 17. a5 Qe4 18. Rfe1 Rab8 19. Bf1 Qa8 20. axb6 Rxb6 21.
Qa4 Be4 22. Nd2 Bc6 23. Qa5 Reb8 24. Bb4 Bb7 25. c5 Rc6 26. Nc4 Nd5 27. Qa3 Rd8
28. Na5 Nb8 29. Nxc6 Nxc6 30. Bxa6 Bxa6 31. Qxa6 Qxa6 32. Rxa6 Ncxb4 33. cxb4
Nxb4 34. Ra7 Nd5 35. Rea1 Kf8 36. Ra8 Ke7 37. Rxd8 Kxd8 38. Ra8+ Ke7 39. g3 Kf6
40. Kg2 Kf5 41. Kf3 Kf6 42. Rc8 Ke7 43. h4 h6 44. g4 Kf6 45. Ke4 Nc3+ 46. Kd3
Nd5 47. Kc4 Ke7 48. Kb5 Kd7 49. Rg8 g6 50. Rh8 Nc3+ 51. Ka6 Ne2 52. Rxh6 Nxd4
53. Rh7 Ke7 54. Kb7 c6 55. h5 Kf6 56. f4 gxh5 57. Rxh5 Kg6 58. Rh2 f6 59. Rd2
e5 60. Kc7 Nb3 61. Rc2 exf4 62. Rc3 Nd4 63. Rc4 Ne6+ 64. Kxc6 Kg5 65. Kd5 Nc7+
66. Kd6 Nb5+ 67. Ke6 Kxg4 68. Kxf6 Kg3 69. c6 f3 70. c7 Nxc7 71. Rxc7 f2 72.
Rc1 Kg2 1/2-1/2

[Event "C.to Provinciale SO"]
[Site "Castello dell'Acqua ITA"]
[Date "2009.02.08"]
[Round "4"]
[White "Scanferla, Paolo"]
[Black "Annoni, Riccardo"]
[Result "0-1"]
[WhiteElo "1991"]
[BlackElo "2084"]
[PlyCount "80"]
[EventDate "2009.02.06"]

1. e4 c5 2. Nf3 e6 3. d4 cxd4 4. Nxd4 Nf6 5. Nc3 Nc6 6. Be3 Bb4 7. f3 d5 8. Qd3
O-O 9. Nxc6 bxc6 10. Bd2 a5 11. f4 Ba6 12. Qf3 Bxc3 13. Bxc3 Nxe4 14. Bxa6 Rxa6
15. O-O Nxc3 16. Qxc3 Qb6+ 17. Kh1 Qb4 18. Qd3 Qb5 19. Rad1 Qxd3 20. Rxd3 c5
21. g3 Rb8 22. b3 g6 23. Rfd1 a4 24. Kg2 axb3 25. axb3 Rb4 26. Rc3 Rc6 27. Kf3
d4 28. Rcd3 Ra6 29. Re1 Ra2 30. Re2 Rb6 31. Rdd2 f6 32. Kg2 Kf7 33. Kf3 h6 34.
Ke4 g5 35. Rd3 Rd6 36. h3 Rd5 37. Rg2 f5+ 38. Kf3 e5 39. fxe5 Rxe5 40. h4 g4+
0-1

[Event "C.to Provinciale SO"]
[Site "Castello dell'Acqua ITA"]
[Date "2009.02.08"]
[Round "5"]
[White "Annoni, Riccardo"]
[Black "Cornaggia, Ranieri"]
[Result "1-0"]
[WhiteElo "2084"]
[BlackElo "1931"]
[PlyCount "79"]
[EventDate "2009.02.06"]

1. e4 e5 2. Nf3 Nc6 3. Bb5 a6 4. Bxc6 dxc6 5. O-O Qd6 6. d4 f6 7. b3 exd4 8.
Qxd4 Qxd4 9. Nxd4 Bc5 10. Be3 Ne7 11. Nf5 Bxe3 12. Nxe3 O-O 13. Nc3 Ng6 14. f4
Rd8 15. g3 b6 16. Rfd1 Bb7 17. Rxd8+ Rxd8 18. Rd1 Rxd1+ 19. Nexd1 Kf8 20. Kf2
Ke7 21. Ne3 c5 22. Ncd5+ Bxd5 23. Nxd5+ Kd6 24. Ke3 Nf8 25. g4 Ne6 26. h4 h6
27. c3 b5 28. f5 Nd8 29. Nf4 b4 30. cxb4 cxb4 31. Nh5 c5 32. Nxg7 a5 33. Nh5
Ke5 34. Nf4 Nf7 35. Nd3+ Kd6 36. Kf4 Ne5 37. Nxe5 fxe5+ 38. Ke3 c4 39. bxc4 a4
40. Kd3 1-0

[Event "I Festival di Pavia A"]
[Site "Vigevano ITA"]
[Date "2009.02.13"]
[Round "1"]
[White "Brenco, Marco"]
[Black "Pedini, Dario"]
[Result "0-1"]
[WhiteElo "2068"]
[BlackElo "2153"]
[PlyCount "70"]
[EventDate "2009.02.13"]

1. c4 e5 2. Nc3 Nc6 3. Nf3 g6 4. g3 Bg7 5. Bg2 f5 6. d3 Nf6 7. O-O O-O 8. Rb1
h6 9. b4 d6 10. b5 Ne7 11. c5 g5 12. cxd6 cxd6 13. Qb3+ Kh8 14. Ba3 f4 15. Ne4
Nf5 16. Qb4 g4 17. Nfd2 Nd4 18. Nc3 Ne8 19. f3 h5 20. Rbc1 a5 21. Qa4 Qb6 22.
Kh1 Be6 23. fxg4 hxg4 24. Nc4 Bxc4 25. Qxc4 f3 26. exf3 gxf3 27. Bh3 Nf6 28.
Nd5 Nxd5 29. Qxd5 Rf6 30. Rc4 Rh6 31. Bg4 Rf8 32. Bb2 Ne2 33. Bxf3 Nxg3+ 34.
Kg2 Nxf1 35. Kxf1 Rxh2 0-1

[Event "I Festival di Pavia A"]
[Site "Vigevano ITA"]
[Date "2009.02.13"]
[Round "1"]
[White "Cappai, Davide"]
[Black "Codenotti, Marco"]
[Result "1-0"]
[WhiteElo "2120"]
[BlackElo "1992"]
[PlyCount "69"]
[EventDate "2009.02.13"]

1. b3 e5 2. Bb2 Nc6 3. e3 d6 4. Nf3 f5 5. d4 e4 6. d5 Nb8 7. Nd4 Nf6 8. Bb5+
Kf7 9. Nc3 Be7 10. Ne6 Bxe6 11. dxe6+ Kxe6 12. g4 c6 13. gxf5+ Kf7 14. Bf1 d5
15. Rg1 Nbd7 16. Ne2 Qa5+ 17. Qd2 Bb4 18. c3 Ne5 19. cxb4 Nf3+ 20. Kd1 Qc7 21.
Qc3 Nxg1 22. Nxg1 Qxh2 23. Nh3 Rhe8 24. Ke2 Kg8 25. Nf4 Re7 26. Bh3 Nh5 27. f6
Nxf6 28. Qc5 Kf7 29. Qd6 Nh5 30. Rc1 Ng3+ 31. Kd1 Qxf2 32. Bxg7 Rae8 33. Qf6+
Kg8 34. Bh6 Rf7 35. Be6 1-0

[Event "I Festival di Pavia A"]
[Site "Vigevano ITA"]
[Date "2009.02.13"]
[Round "1"]
[White "Ceccarini, Marco"]
[Black "Burlando, Alessandro"]
[Result "0-1"]
[WhiteElo "2091"]
[BlackElo "2171"]
[PlyCount "104"]
[EventDate "2009.02.13"]

1. e4 e6 2. d4 d5 3. Nc3 Bb4 4. Bd3 dxe4 5. Bxe4 Nf6 6. Bf3 O-O 7. Nge2 Nbd7 8.
Bf4 Bd6 9. O-O e5 10. dxe5 Nxe5 11. Bxe5 Bxe5 12. Qxd8 Rxd8 13. Rfd1 Re8 14.
Nb5 a6 15. Nbd4 g5 16. g3 g4 17. Bg2 c5 18. Nb3 Bxb2 19. Rab1 Ba3 20. Nf4 Rb8
21. Rd6 Kg7 22. Na5 Bf5 23. Nd3 b5 24. Nc6 c4 25. Ndb4 a5 26. Rxf6 Kxf6 27.
Nd5+ Kg5 28. Nxb8 Rxb8 29. Ne3 Be6 30. h4+ gxh3 31. f4+ Kf6 32. Nd5+ Kg7 33.
Be4 Bc5+ 34. Kh2 Bg4 35. f5 Re8 36. f6+ Kh6 37. Re1 Bf2 38. Rf1 Rxe4 39. Rxf2
b4 40. Nf4 c3 41. Nxh3 Re2 42. Rxe2 Bxe2 43. Nf2 Bc4 44. g4 Bxa2 45. Kg3 Bb1
46. Kf4 Kg6 47. g5 h6 48. gxh6 Kxf6 49. Ne4+ Kg6 50. Ng5 Bxc2 51. h7 Kg7 52.
Nxf7 Bxh7 0-1

[Event "I Festival di Pavia A"]
[Site "Vigevano ITA"]
[Date "2009.02.13"]
[Round "1"]
[White "Fedorchuk, Sergey A."]
[Black "Dvirnyy, Danyyil"]
[Result "0-1"]
[WhiteElo "2633"]
[BlackElo "2444"]
[PlyCount "174"]
[EventDate "2009.02.13"]

1. e4 c5 2. Nf3 d6 3. d4 cxd4 4. Nxd4 Nf6 5. Nc3 g6 6. Be3 Bg7 7. f3 O-O 8. Qd2
Nc6 9. O-O-O Nxd4 10. Bxd4 Be6 11. Kb1 Qc7 12. h4 Rfc8 13. h5 Qa5 14. a3 Rab8
15. hxg6 hxg6 16. Ne2 Qxd2 17. Rxd2 a6 18. Nf4 Bc4 19. Bxc4 Rxc4 20. Bxf6 Bxf6
21. Nd5 Bg5 22. f4 e6 23. fxg5 exd5 24. exd5 Re8 25. Rf1 Rg4 26. Rf6 Rd8 27.
Rf3 Rd7 28. b4 Kg7 29. Kb2 Rc7 30. Rf6 Rd7 31. Rf3 Rc7 32. Kb3 Rxg5 33. c4 b6
34. Re3 Rg4 35. Rc2 Kf8 36. a4 Rd4 37. Rh3 Kg7 38. Re3 Kf8 39. g3 Rd1 40. Re4
Rb1+ 41. Kc3 Ra1 42. Kb3 Rb1+ 43. Kc3 Rg1 44. g4 Ra1 45. Kb3 Rb1+ 46. Kc3 b5
47. axb5 axb5 48. g5 Kg7 49. c5 dxc5 50. d6 Rc6 51. bxc5 Rxc5+ 52. Kd2 Rd5+ 53.
Ke2 Rxd6 54. Rc7 Rdd1 55. Rf4 Re1+ 56. Kf2 Rf1+ 57. Kg3 Rxf4 58. Kxf4 Kf8 59.
Rb7 b4 60. Ke3 b3 61. Kf2 b2 62. Kg2 Ke8 63. Kh2 Kd8 64. Rb3 Kd7 65. Kg2 Ke6
66. Rb5 Rc1 67. Rxb2 Rc5 68. Rb6+ Ke7 69. Rb7+ Kf8 70. Kf3 Rxg5 71. Kf4 Rf5+
72. Kg4 Kg7 73. Ra7 Kh6 74. Rb7 Rg5+ 75. Kh4 f5 76. Rb4 Rh5+ 77. Kg3 Kg5 78.
Rb6 Rh8 79. Kf3 Rh3+ 80. Kg2 Rc3 81. Kf2 Kh5 82. Rf6 Kg5 83. Ra6 f4 84. Ra5+
Kg4 85. Ra2 g5 86. Kg2 Re3 87. Rb2 Re2+ 0-1

[Event "I Festival di Pavia A"]
[Site "Vigevano ITA"]
[Date "2009.02.13"]
[Round "1"]
[White "Gabetto, Flaviano"]
[Black "Arnetta, Maria Teresa"]
[Result "1-0"]
[WhiteElo "2124"]
[BlackElo "2024"]
[PlyCount "131"]
[EventDate "2009.02.13"]

1. e4 d5 2. Nc3 d4 3. Nce2 e5 4. Ng3 Nf6 5. Nf3 Nc6 6. Bc4 Be7 7. O-O O-O 8. d3
Ne8 9. c3 Bg4 10. h3 Bxf3 11. Qxf3 Bg5 12. Nf5 Bxc1 13. Raxc1 Nd6 14. Bd5 Ne7
15. Nxe7+ Qxe7 16. cxd4 exd4 17. Qg3 c6 18. Bb3 a5 19. a3 Ra6 20. Rc2 Rb6 21.
Ba2 Rb5 22. f4 Rd8 23. Qf2 Ne8 24. g4 Kh8 25. Bc4 Rb6 26. Qd2 c5 27. Qxa5 Rh6
28. Rh2 b6 29. Qd2 Nd6 30. Bd5 c4 31. dxc4 b5 32. b3 bxc4 33. bxc4 Nc8 34. Qxd4
Qxa3 35. Qb2 Qg3+ 36. Qg2 Qe3+ 37. Qf2 Qc3 38. Qf3 Qd4+ 39. Rhf2 Nb6 40. Rd1
Qc5 41. Bxf7 Rxd1+ 42. Qxd1 Rd6 43. Qe2 Rf6 44. Bd5 Rxf4 45. Kg2 Rf6 46. Rxf6
gxf6 47. Qf2 Nd7 48. Qxc5 Nxc5 49. Kf3 Kg7 50. Ke3 Kf8 51. Kd4 Nb3+ 52. Kc3 Nc5
53. h4 Ke7 54. g5 Nd7 55. Kd4 Ne5 56. gxf6+ Kxf6 57. Kc5 Ke7 58. Kb6 Kd7 59.
Kb7 Nd3 60. Kb6 Ke7 61. Kc7 Nc5 62. e5 Nd3 63. e6 Ke8 64. Kc6 Nb4+ 65. Kc5 Nd3+
66. Kd6 1-0

[Event "I Festival di Pavia A"]
[Site "Vigevano ITA"]
[Date "2009.02.13"]
[Round "1"]
[White "Genocchio, Daniele"]
[Black "Korneev, Oleg"]
[Result "0-1"]
[WhiteElo "2440"]
[BlackElo "2613"]
[PlyCount "76"]
[EventDate "2009.02.13"]

1. e4 c5 2. Nf3 e6 3. c3 Nf6 4. e5 Nd5 5. d4 cxd4 6. cxd4 d6 7. Nc3 Nxc3 8.
bxc3 Qc7 9. Bd2 Nd7 10. Ng5 h6 11. Qh5 g6 12. Qh3 dxe5 13. Bd3 Nf6 14. Bb5+ Bd7
15. Bxd7+ Nxd7 16. O-O Qc6 17. dxe5 Bg7 18. Nf3 Nxe5 19. Nxe5 Bxe5 20. Rfe1 Bg7
21. Rab1 Rd8 22. Be3 b6 23. Bd4 O-O 24. Bxg7 Kxg7 25. Rb4 Rd5 26. Rh4 h5 27. c4
Rf5 28. Qc3+ Kg8 29. Rd4 Qc5 30. Ree4 b5 31. h3 e5 32. Rd2 bxc4 33. Qg3 Rf4 34.
Rxf4 exf4 35. Qxf4 c3 36. Rd1 c2 37. Rc1 Rd8 38. Re1 Rd1 0-1

[Event "I Festival di Pavia A"]
[Site "Vigevano ITA"]
[Date "2009.02.13"]
[Round "1"]
[White "Lenic, Luka"]
[Black "Delorme, Axel"]
[Result "1-0"]
[WhiteElo "2547"]
[BlackElo "2415"]
[PlyCount "91"]
[EventDate "2009.02.13"]

1. d4 d5 2. c4 c6 3. Nf3 Nf6 4. e3 Bg4 5. h3 Bxf3 6. Qxf3 e6 7. Bd3 Nbd7 8. Nc3
Bb4 9. Bd2 O-O 10. a3 dxc4 11. Bxc4 Bd6 12. Ba2 e5 13. d5 cxd5 14. Nxd5 e4 15.
Nxf6+ Nxf6 16. Qf5 Qe7 17. Bc3 Rfe8 18. Bxf6 Qxf6 19. Qxf6 gxf6 20. O-O-O Rad8
21. Kb1 b6 22. Rd5 Be5 23. Rhd1 Rxd5 24. Bxd5 f5 25. g3 Bf6 26. Bc6 Re5 27. Rd7
Re7 28. Rd5 Re5 29. Rd7 Re7 30. Rd2 Re5 31. b4 a5 32. Kc2 axb4 33. axb4 Be7 34.
Kb3 Re6 35. Bd5 Re5 36. Bc4 Kf8 37. Ra2 Bd6 38. Ra7 Re7 39. Ra6 Bc7 40. Ra2 Bd8
41. Rd2 Bc7 42. Rd4 h5 43. h4 Bb8 44. Rd8+ Re8 45. Rxe8+ Kxe8 46. Be2 1-0

[Event "I Festival di Pavia A"]
[Site "Vigevano ITA"]
[Date "2009.02.13"]
[Round "1"]
[White "Lupik, Marina"]
[Black "Guidi, Maurizio"]
[Result "1-0"]
[WhiteElo "2163"]
[BlackElo "2074"]
[PlyCount "115"]
[EventDate "2009.02.13"]

1. d4 g6 2. c4 Bg7 3. Nc3 d6 4. e4 e6 5. Be2 Nd7 6. f4 Ne7 7. Nf3 b6 8. O-O Bb7
9. d5 exd5 10. cxd5 O-O 11. Be3 h6 12. Bd4 Nf6 13. Rc1 a6 14. h3 Qd7 15. Qe1 b5
16. Qh4 Nh7 17. Bxg7 Kxg7 18. f5 Rae8 19. Nd4 gxf5 20. Nxf5+ Nxf5 21. Rxf5 Qe7
22. Qg3+ Kh8 23. a3 Rg8 24. Qf4 f6 25. Qxh6 Qg7 26. Qxg7+ Rxg7 27. h4 c5 28.
Bf3 Bc8 29. Rf4 Rge7 30. Nd1 Kg7 31. Ne3 Nf8 32. h5 Nh7 33. Rf1 Ng5 34. h6+ Kg6
35. Bg4 Nxe4 36. Bxc8 Rxc8 37. Nf5 Re5 38. Rxe4 Rxe4 39. Nxd6 Rce8 40. Nxe4
Rxe4 41. h7 Re8 42. d6 Rd8 43. Kh2 Kg7 44. Rd1 Kxh7 45. Kg3 Kg6 46. Kf4 Kf7 47.
Kf5 Rd7 48. g4 c4 49. g5 fxg5 50. Ke5 Ke8 51. Rh1 Rf7 52. Ke6 Rf8 53. Rh7 Kd8
54. Ra7 Re8+ 55. Kd5 Re1 56. Kc6 Ke8 57. Ra8+ Kf7 58. d7 1-0

[Event "I Festival di Pavia A"]
[Site "Vigevano ITA"]
[Date "2009.02.13"]
[Round "1"]
[White "Massironi, Marco"]
[Black "Radice, Luca"]
[Result "1-0"]
[WhiteElo "2182"]
[BlackElo "2096"]
[PlyCount "137"]
[EventDate "2009.02.13"]

1. e4 e6 2. d4 d5 3. Nc3 Bb4 4. e5 Qd7 5. a3 Bxc3+ 6. bxc3 b6 7. Qg4 f5 8. Qg3
Ba6 9. Bxa6 Nxa6 10. Ne2 O-O-O 11. Nf4 Nb8 12. h4 Qf7 13. a4 Nc6 14. a5 Nxa5
15. Rxa5 bxa5 16. Qd3 Ne7 17. Qb5 c6 18. Qa6+ Kd7 19. Qxa7+ Ke8 20. h5 Nc8 21.
Qxa5 Qd7 22. h6 g6 23. Nh3 Qa7 24. Qxa7 Nxa7 25. Ng5 Kd7 26. Nf7 Nb5 27. Bb2
Ra8 28. Nxh8 Rxh8 29. Kd2 Ra8 30. Kd3 Ra2 31. Rb1 Ra4 32. f3 Ke7 33. g4 Kf7 34.
Bc1 Ke7 35. Bg5+ Kd7 36. Re1 Ra8 37. gxf5 gxf5 38. Bf6 Rg8 39. Bg7 Kc7 40. c4
dxc4+ 41. Kxc4 Ra8 42. c3 Ra3 43. Rc1 Ra2 44. Kd3 Ra3 45. Bf8 Ra8 46. c4 Na7
47. Ra1 Kb7 48. Bc5 Nc8 49. Rxa8 Kxa8 50. d5 cxd5 51. cxd5 Kb7 52. dxe6 Kc6 53.
e7 Kd7 54. e6+ Ke8 55. Kd4 f4 56. Ke5 Nd6 57. Bg1 Nc4+ 58. Kxf4 Kxe7 59. Kf5
Nd6+ 60. Ke5 Nc4+ 61. Kd5 Nd2 62. Bc5+ Ke8 63. f4 Nf3 64. f5 Ng5 65. f6 Nf7 66.
exf7+ Kxf7 67. Ke5 Kg8 68. Ke6 Kh8 69. Bd4 1-0

[Event "I Festival di Pavia A"]
[Site "Vigevano ITA"]
[Date "2009.02.13"]
[Round "1"]
[White "Motyka, Michal"]
[Black "Godena, Michele"]
[Result "0-1"]
[WhiteElo "2390"]
[BlackElo "2537"]
[PlyCount "38"]
[EventDate "2009.02.13"]

1. e4 e5 2. d4 Nc6 3. dxe5 Nxe5 4. f4 Nc6 5. Bc4 Nf6 6. e5 d5 7. exf6 dxc4 8.
Qxd8+ Nxd8 9. Nf3 gxf6 10. Kf2 Bg4 11. Be3 Nc6 12. Nd4 Nb4 13. f5 O-O-O 14. Na3
Bc5 15. h3 Rxd4 16. hxg4 Rf4+ 17. Kg3 Bxe3 18. Rae1 Re8 19. Rxe3 Rxe3+ 0-1

[Event "I Festival di Pavia A"]
[Site "Vigevano ITA"]
[Date "2009.02.13"]
[Round "1"]
[White "Pavasovic, Dusko"]
[Black "Efimov, Igor"]
[Result "1/2-1/2"]
[WhiteElo "2598"]
[BlackElo "2439"]
[PlyCount "141"]
[EventDate "2009.02.13"]

1. e4 c5 2. c3 d6 3. d4 Nf6 4. Bd3 Nc6 5. Nf3 g6 6. d5 Nb8 7. O-O Bg7 8. h3 O-O
9. Bf4 Na6 10. Nbd2 Nc7 11. a4 e6 12. dxe6 Nxe6 13. Bh2 Bh6 14. Nc4 Nf4 15. Bc2
d5 16. exd5 N6xd5 17. Nce5 Nf6 18. Qxd8 Rxd8 19. Bb3 N4d5 20. Rad1 Be6 21. Rfe1
Rac8 22. h4 Bf4 23. Ng5 Bxg5 24. hxg5 Ne8 25. Rd2 Ndc7 26. Rxd8 Rxd8 27. Rd1
Rxd1+ 28. Bxd1 Bd5 29. Nd7 Ne6 30. Bb8 a6 31. Ba7 Nxg5 32. Bxc5 f6 33. Be3 Kf7
34. b4 Nd6 35. Nb6 Be6 36. f3 Nc4 37. Nxc4 Bxc4 38. Bc2 Ne6 39. Be4 Nd8 40. Bb6
Nc6 41. Kf2 Ke6 42. Ke3 f5 43. Bc2 g5 44. a5 h5 45. Ba4 h4 46. Bxc6 bxc6 47.
Bd8 f4+ 48. Kd4 Bf1 49. Bxg5 Bxg2 50. Ke4 h3 51. Bxf4 Bf1 52. Bh2 Bc4 53. Kd4
Be2 54. f4 Bg4 55. Kc5 Kd7 56. Kb6 Be2 57. f5 Bd3 58. Bg3 Bc4 59. Kc5 Bd3 60.
Kb6 Bc4 61. f6 Bb5 62. Kc5 Bd3 63. Kd4 Bg6 64. c4 Bf7 65. Kc5 Be6 66. b5 cxb5
67. cxb5 axb5 68. a6 Bg4 69. a7 Bf3 70. Kxb5 Ke6 71. Kb6 1/2-1/2

[Event "I Festival di Pavia A"]
[Site "Vigevano ITA"]
[Date "2009.02.13"]
[Round "1"]
[White "Piccoli, Vincenzo"]
[Black "Astengo, Marcello"]
[Result "0-1"]
[WhiteElo "2009"]
[BlackElo "2123"]
[PlyCount "100"]
[EventDate "2009.02.13"]

1. e4 e6 2. d4 d5 3. Nc3 Nf6 4. e5 Ng8 5. Nf3 c5 6. dxc5 Bxc5 7. Bd3 Nc6 8. O-O
Bd7 9. Bf4 a6 10. Bg3 Rc8 11. Re1 Nge7 12. Ne2 Nb4 13. c3 Nxd3 14. Qxd3 Nf5 15.
Nfd4 Nxd4 16. Nxd4 O-O 17. Rad1 b5 18. Nf3 Be7 19. a3 Rb8 20. Qd4 a5 21. Bh4
Bxh4 22. Nxh4 Qb6 23. Qg4 Rfc8 24. Re3 Qd8 25. Rg3 Qf8 26. Nf3 b4 27. Rh3 Rc4
28. Qh5 h6 29. Rg3 g6 30. Nh4 Be8 31. axb4 Kh7 32. Qf3 Rxh4 33. Rxg6 Kxg6 34.
Qf6+ Kh7 35. Qxh4 axb4 36. c4 Ba4 37. Rd3 Bc2 38. Rf3 Be4 39. Rf6 Rc8 40. b3
Qg7 41. f3 Rg8 42. g4 Bc2 43. Qe1 dxc4 44. bxc4 b3 45. Qd2 Rf8 46. h4 Rb8 47.
c5 Bg6 48. h5 b2 49. hxg6+ Qxg6 50. Qxb2 Rxb2 0-1

[Event "I Festival di Pavia A"]
[Site "Vigevano ITA"]
[Date "2009.02.13"]
[Round "1"]
[White "Pokorna, Regina"]
[Black "Calavalle, Giulio"]
[Result "0-1"]
[WhiteElo "2384"]
[BlackElo "2267"]
[PlyCount "68"]
[EventDate "2009.02.13"]

1. e4 c5 2. Nf3 Nc6 3. d4 cxd4 4. Nxd4 e5 5. Nb5 a6 6. Nd6+ Bxd6 7. Qxd6 Qf6 8.
Qd3 d5 9. exd5 Bf5 10. Qg3 Nb4 11. Na3 Nxc2+ 12. Nxc2 Bxc2 13. Be2 Ne7 14. Bg5
Qg6 15. Rc1 f6 16. d6 Nc6 17. Be3 Qxg3 18. hxg3 Bf5 19. O-O Kd7 20. Rfd1 Rac8
21. Bb6 Nd4 22. Bc4 Be6 23. Bc7 Bxc4 24. Rxc4 b5 25. Rc5 Rhe8 26. Rd3 Ne6 27.
Rc1 Nd4 28. Rc5 Ne6 29. Rcc3 Nd4 30. Kf1 Re6 31. g4 b4 32. Rc4 Rxd6 33. Rxb4
Rxc7 34. Kg1 Ne2+ 0-1

[Event "I Festival di Pavia A"]
[Site "Vigevano ITA"]
[Date "2009.02.13"]
[Round "1"]
[White "Pulito, Alberto"]
[Black "Napoli, Nicolo'"]
[Result "1-0"]
[WhiteElo "2251"]
[BlackElo "2313"]
[PlyCount "107"]
[EventDate "2009.02.13"]

1. e4 g6 2. d4 Bg7 3. Nc3 c6 4. f4 d5 5. e5 f6 6. Nf3 Bg4 7. Be2 Nh6 8. Be3 Qb6
9. Qd2 Nd7 10. h3 Bxf3 11. Bxf3 Nf5 12. Bf2 fxe5 13. dxe5 Qc7 14. g4 Nh6 15.
O-O-O Nb6 16. Bc5 Nc4 17. Qe2 Qa5 18. Bxe7 Kxe7 19. Rxd5 Qb4 20. Rb5 Qxb5 21.
Nxb5 cxb5 22. b3 Nb6 23. Bxb7 Rab8 24. Bc6 Rhc8 25. Qxb5 Kf8 26. Re1 Ng8 27. f5
gxf5 28. gxf5 Ne7 29. Be4 Nc4 30. Qa6 Nxe5 31. f6 Bh6+ 32. Kb1 N7c6 33. Bxh7
Kf7 34. Qe2 Kxf6 35. Qh5 Bd2 36. Rf1+ Ke7 37. Qh4+ Ke8 38. Qf6 Bb4 39. Qe6+ Be7
40. Qg8+ Kd7 41. Bf5+ Kc7 42. Bxc8 Rxc8 43. Qg7 Kb8 44. Re1 Bd6 45. Qf6 Kc7 46.
Qg7+ Kb8 47. Rd1 Bc7 48. h4 Nf3 49. Qf6 Nce5 50. h5 Nh2 51. h6 Neg4 52. Qg5 Be5
53. h7 Re8 54. Rd8+ 1-0

[Event "I Festival di Pavia A"]
[Site "Vigevano ITA"]
[Date "2009.02.13"]
[Round "1"]
[White "Ranfagni, Stefano"]
[Black "Kuzevanova, Evgenia"]
[Result "0-1"]
[WhiteElo "2041"]
[BlackElo "2131"]
[PlyCount "88"]
[EventDate "2009.02.13"]

1. e4 c5 2. Nf3 Nc6 3. g3 g6 4. Bg2 Bg7 5. c3 e5 6. O-O Nge7 7. d3 d5 8. Na3
O-O 9. Be3 d4 10. cxd4 cxd4 11. Bd2 h6 12. h4 Be6 13. Nh2 Qb6 14. b3 Qa6 15.
Nc2 Qxd3 16. Re1 Qa6 17. Ng4 h5 18. Bf1 Qb6 19. Nh2 Rac8 20. g4 hxg4 21. Nxg4
f5 22. Nh6+ Kh7 23. exf5 Nxf5 24. Nxf5 Bxf5 25. h5 d3 26. Ne3 Nd4 27. Nxf5 Rxf5
28. hxg6+ Qxg6+ 29. Bg2 Nf3+ 30. Kf1 Nxd2+ 31. Qxd2 Rc2 32. Qe3 Rfxf2+ 33. Qxf2
Rxf2+ 34. Kxf2 Qb6+ 35. Kg3 d2 36. Be4+ Kg8 37. Re2 Qd4 38. Rd1 Bh6 39. Kg4 Be3
40. Kf3 Bf4 41. Bf5 Qc3+ 42. Kf2 Qg3+ 43. Kf1 Qf3+ 44. Rf2 Qxd1+ 0-1

[Event "I Festival di Pavia A"]
[Site "Vigevano ITA"]
[Date "2009.02.13"]
[Round "1"]
[White "Rombaldoni, Axel"]
[Black "Giretti Kanev, Jasen"]
[Result "1-0"]
[WhiteElo "2309"]
[BlackElo "2215"]
[PlyCount "53"]
[EventDate "2009.02.13"]

1. e4 c6 2. d4 d5 3. e5 c5 4. dxc5 Nc6 5. Bb5 Bd7 6. Nf3 Qa5+ 7. Nc3 e6 8. Be3
Nge7 9. O-O Nf5 10. Bd2 Qc7 11. Bd3 Nfd4 12. Nxd4 Nxd4 13. b4 Nc6 14. Nb5 Qxe5
15. Re1 Qb8 16. c4 a6 17. cxd5 axb5 18. dxc6 bxc6 19. Bc3 Qf4 20. g3 Qh6 21. a4
bxa4 22. Rxa4 Rxa4 23. Qxa4 Be7 24. Qa7 Bf6 25. Qb8+ Bd8 26. Ba6 O-O 27. Qd6
1-0

[Event "I Festival di Pavia A"]
[Site "Vigevano ITA"]
[Date "2009.02.13"]
[Round "1"]
[White "Rombaldoni, Denis"]
[Black "Solodovnichenko, Yuri"]
[Result "1-0"]
[WhiteElo "2418"]
[BlackElo "2571"]
[PlyCount "79"]
[EventDate "2009.02.13"]

1. d4 Nf6 2. Nf3 c5 3. d5 b5 4. c4 Bb7 5. Nc3 b4 6. Na4 d6 7. Nd2 e5 8. e4 g6
9. Be2 Nbd7 10. b3 h5 11. h4 Bh6 12. Qc2 Ng4 13. Nb2 a5 14. Nf1 Bxc1 15. Qxc1
Nb6 16. a4 bxa3 17. Rxa3 Bc8 18. Qa1 f5 19. exf5 Bxf5 20. Rxa5 O-O 21. Rxa8
Nxa8 22. Nd1 Nc7 23. Ng3 Qe7 24. Qc1 Rb8 25. f3 Nf6 26. Qg5 Qg7 27. Nxf5 gxf5
28. Ne3 f4 29. Nf5 Qxg5 30. hxg5 Nfe8 31. Bd1 Ra8 32. Rxh5 Ra2 33. Be2 Na6 34.
g6 Nf6 35. Rh6 Nb4 36. g7 Ra1+ 37. Kf2 e4 38. Rh8+ Kf7 39. Rf8+ Kg6 40. Rxf6+
1-0

[Event "I Festival di Pavia A"]
[Site "Vigevano ITA"]
[Date "2009.02.13"]
[Round "1"]
[White "Rudolf, Anna"]
[Black "Pomaro, Alberto"]
[Result "1-0"]
[WhiteElo "2316"]
[BlackElo "2254"]
[PlyCount "99"]
[EventDate "2009.02.13"]

1. e4 c5 2. Nf3 d6 3. d4 cxd4 4. Nxd4 Nf6 5. Nc3 a6 6. Be2 e5 7. Nb3 Be7 8. O-O
O-O 9. Kh1 b6 10. Be3 Bb7 11. f3 Nbd7 12. a4 Rc8 13. Rf2 Qc7 14. Bf1 Rfd8 15.
Rd2 Qb8 16. Qe2 Nc5 17. Rad1 Qc7 18. Qf2 Qc6 19. Nxc5 dxc5 20. Bc4 Rxd2 21.
Qxd2 Re8 22. Qe2 Qc8 23. Kg1 Rd8 24. Rxd8+ Bxd8 25. Qd3 h6 26. Nd5 Nxd5 27.
Bxd5 Be7 28. Bc4 Qd8 29. Qb3 Qd1+ 30. Bf1 Bg5 31. Bf2 Qd6 32. c3 g6 33. Bc4 Qc7
34. g3 Kg7 35. Bd5 Bxd5 36. Qxd5 Be7 37. Qa8 a5 38. Qd5 Bg5 39. b3 Bc1 40. Kg2
h5 41. Qc4 Qd6 42. b4 cxb4 43. cxb4 Bd2 44. b5 Qb4 45. Qc2 Bc3 46. Bxb6 Bd4 47.
Bxd4 exd4 48. Qd1 Qc3 49. Kf1 d3 50. b6 1-0